000 00243nam a22001217a 4500
040 _cSK
082 _a828
100 _aCOCHE A.G.
245 _aWater for freshwater fish culture
260 _aROOME
_bCOC
_c1981
300 _a111p.
942 _cEK
999 _c9034
_d9034